| 000 | 00773nas a2200241 i 4500 | ||
|---|---|---|---|
| 001 | 2646 | ||
| 003 | ES-MaACL | ||
| 005 | 20250709062526.0 | ||
| 008 | 950801q1890 sp ar 0 1 |spa d | ||
| 080 | _a460 | ||
| 245 | 0 | 0 | _aAlmanaque de El Correo español para... |
| 246 | 3 | _aAlmanaque ilustrado de El Correo español | |
| 260 |
_aBarcelona : _b[s.n, _c1890] ( _fEst. Tip. de La Hormiga de Oro) |
||
| 300 |
_a1 v. : _bil. ; _c27 cm. |
||
| 310 | _aAnual | ||
| 530 | _aDisponible en formato digital. | ||
| 740 | 3 | 2 | _aEl Correo español. |
| 852 | 4 |
_aES-MaACL _jT-518-F-6 |
|
| 856 | 4 |
_uhttps://prensahistorica.mcu.es/es/consulta/registro.do?id=1029744 _zBiblioteca Virtual de Prensa Histórica |
|
| 866 | 0 | _o1890. | |
| 942 |
_2udc _cPERIODICA |
||
| 999 |
_c2646 _d2646 |
||